Statistics for Classic Italian Pizza Toppings

Click here to take the quiz!

General Stats

  • This quiz has been taken 61 times
  • The average score is 22 of 32

Answer Stats

GroupAnswer% Correct
MargheritaTomato sauce
100%
BoscaiolaTomato sauce
100%
CapricciosaTomato sauce
100%
NapoliTomato sauce
100%
MarinaraTomato Sauce
100%
AmericanaTomato sauce
100%
DiavolaTomato sauce
100%
NapoliMozzarella
96%
MargheritaMozzarella
96%
AmericanaMozzarella
96%
Quattro formaggiMozzarella
96%
CapricciosaMozzarella
96%
DiavolaMozzarella
96%
BoscaiolaMozzarella
96%
CapricciosaBasil
78%
MargheritaBasil
78%
CapricciosaHam
73%
CapricciosaOlives
69%
CapricciosaMushrooms
61%
BoscaiolaMushrooms
61%
DiavolaSalami
61%
MarinaraGarlic
45%
Quattro formaggiGorgonzola
45%
BoscaiolaItalian sausage
45%
MarinaraOregano
43%
Quattro formaggiParmesan
39%
NapoliAnchovies
37%
CapricciosaArtichokes
29%
Quattro formaggiFontina
20%
NapoliCapers
18%
AmericanaHot dogs
14%
AmericanaFrench fries
12%

Score Distribution

Percentile by Number Answered

Percent of People with Each Score

Your Score History

You have not taken this quiz